01664nam a2200385 a 4500001001000000003000500010005001700015008004100032010001100073011001100084040000900095090001000104100003800114245020400152260004100356500006000397502009700457590003700554590004100591590004000632590004000672650004000712650001900752650003700771650003300808650003300841856001600874856007000890901000700960942001000967942000600977999001900983952014001002952013601142000111282CHAP20220329144205.0150126s2014 mx a fsm |||||||spa d a107744 a108716 cCHAP aTesis1 aArmendáriz Daher, Laura912913110aSustentabilidad del agua subterránea usada en el riego en el cultivo del sorgo grano (Sorghum vulgare) BMF en el DR-042, Buenaventura, Chihuahua en 2012h[En línea]cpor Laura Armendáriz Daher. aChapingo, Méx. :bEl autor,c2014. aPara ver el contenido del material haga clic en la liga aTesis (Ing. en Sistemas Agrícolas) -- UACH. Unidad Regional Univeristria de Zonas Áridas aBATCHb00c20181121lUCH01h0758 aE11695DGDb10c20150129lUCH01h1104 aE5995AHEb05c20150126lUCH01h1407 aE5995AHEb05c20150126lUCH01h140814aAgua subterráneazChihuahua9248614aBombeo.91362514aIndicadores económicos.95756414aMaízxIrrigación.97099814aSorgoxIrrigación.9108688 a1 n0000533 aFinding aiduhttp://10.13.5.2/tesis/sist111282.pdfzTeclea aquí aBK cTESIS n0 c107744d107744 00102local4053708TESISaBCbBCcPA_TESISd2015-01-26fTESISl0oTesisp33724002443512r2019-12-31 00:00:00tc.2w2019-12-31yTESIS 00104054718TESISaBCbBCd2015-01-26fTESISl0oTesisp33724002443553r2019-12-31 00:00:00w2019-12-31yTESISzRecien adquirido